La reforma /

Guardado en:
Autor Principal: Delumeau, Jean.
Formato: Libro
Idioma:Spanish
Publicado: Barcelona : Labor, 1967.
Materias:
Etiquetas: Agregar Etiqueta
Sin Etiquetas, Sea el primero en etiquetar este registro!
LEADER 00496nam a22001815a 4500
001 EUN.um045721
003 AR-BaUNS
005 20050623122914.0
008 041125s1967####sp#a##########000#0#spa#d
245 1 3 |a La reforma /  |c Jean Delumeau. 
260 |a Barcelona :  |b Labor,  |c 1967. 
300 |a v. :  |b ilus. ;  |c 19 cm. 
100 1 |a Delumeau, Jean. 
082 0 4 |a 900 
082 0 4 |a 940.22 
653 |a Boutruche, Robert 
653 |a Nueva clio 
859 |a Ar-BaUNS  |b BIB. CENTRAL - Sector A  |h 900  |i N855-1  |p 62130/972  |v v.30